Notas sobre la gestión local a finales de los noventas: una búsqueda de instrumentos para la descentralización y el cambio /
Gespeichert in:
| 1. Verfasser: | |
|---|---|
| Format: | Text |
| Schlagworte: | |
| Tags: |
Tag hinzufügen
Keine Tags, Fügen Sie den ersten Tag hinzu!
|
MARC
| LEADER | 00000 a a2200000 04500 | ||
|---|---|---|---|
| 001 | 14109 | ||
| 003 | |||
| 040 | |||
| 100 | |a Villarreal Guzmán, Olman A | ||
| 245 | |a Notas sobre la gestión local a finales de los noventas: una búsqueda de instrumentos para la descentralización y el cambio / |c Olman A Villarreal Guzmán | ||
| 650 | |a DESCENTRALIZACION | ||
| 650 | |a GOBIERNO LOCAL | ||
| 650 | |a SOCIEDAD CIVIL | ||
| 650 | |a PARTICIPACION SOCIAL | ||
| 650 | |a GOBERNABILIDAD | ||
| 650 | |a ESTADO | ||
| 650 | |a POLITICA | ||
| 650 | |a ADMINISTRACION | ||
| 773 | |g número 34 -35; páginas 217-233 | ||
| 999 | |c 20900 |d 20900 | ||
